| 000 | 00419pab a2200169 454500 | ||
|---|---|---|---|
| 008 | 180718b2009 xxu||||| |||| 00| 0 eng d | ||
| 100 | _aPanday, pranab Kumar | ||
| 245 | _aConflict in the Chittagong hill tracts of Bangladesh | ||
| 260 | _c2009 | ||
| 300 | _ap.1052-070. | ||
| 362 | _aNov-Dec | ||
| 650 | _aEthnic conflicts | ||
| 700 | _aJamil, Ishtiaq | ||
| 773 | _aAsian Survey | ||
| 908 | _aN | ||
| 909 | _a85832 | ||
| 999 |
_c85832 _d85832 |
||